000 00341nam a2200133Ia 4500
008 240624s9999 xx 000 0 und d
041 _aeng
082 _a658.15 ROG
100 _aROGERS STEVEN
245 _aENTREPRENEURIAL FINANCE FINANCE AND BUSI
250 _a(3rd ed.)
260 _c2014
_aNew Delhi
_bTata McGraw-Hill
365 _cRS
_b33
999 _c26062
_d26062